000 00506pab a2200181 454500
008 180718b2004 xxu||||| |||| 00| 0 eng d
100 _aPandey, D.D.
245 _aRole of higher, technical and vocational education institutions in early childhood services
260 _c2004
300 _ap.130-37.
362 _a15 Nov
650 _aHigher education
650 _aEarly childhood
650 _aVocational education
650 _aTechnical education
773 _aUniversity News
909 _a63221
999 _c63221
_d63221